000 00599nam a22001937a 4500
005 20251108164220.0
008 250721s1997 xx 000 0 ara d
082 1 4 _a617.1027/فوز
100 1 _aالخضري، فوزي
_eمؤلف
245 1 0 _aالطب الرياضي و اللياقة البدنية /
264 1 _aبيروت :
_bدار العلوم العربية،
_c1997.
300 _a236ص.
650 1 7 _aالإصابات الرياضية
650 1 7 _aالصحة
650 1 7 _aاللياقة البدنية
650 1 7 _aالطب الرياضي
942 _2ddc
_cBK
999 _c6569
_d6569